01113nam a22002655a 45000050016000000080041000160100014000570200026000710200023000970350013001200370015001330400018001480820012001662450119001782600080002972700062003773000044004395040051004835200084005346500046006186500044006646500065007087000019007737100055007922009072507487.0090128s2009 ii ab g b 101 0 eng d aENG-94545 a9780198060246c750.00 a0198060246c750.00 aEN-78078 aDBAD / PUB adplbEnglish  a372.954 aConcerns, conflicts, and cohesions :buniversalization of elementary education in India /cedited by Preet Rustagi aNew Delhi bInstitute for Human Development bOxford University Pressc2009 aYMCA Library Building, Jai Singh Road,bNew Delhie110001 axxii, 350 p. :bill., maps ;c23cm(Hb)  aIncludes bibliographical references and index aRevised version of most of the papers presented at a seminar held in June 2006. aEducation, ElementaryzIndiavCongresses. aInclusive educationzIndiavCongresses. aEducation, ElementaryxGovernment policyzIndiavCongresses. aRustagi, Preet aInstitute for Human Development (New Delhi, India)